<?xml version="1.0" encoding="UTF-8"?>
<record
    xmlns:xsi="http://www.w3.org/2001/XMLSchema-instance"
    xsi:schemaLocation="http://www.loc.gov/MARC21/slim http://www.loc.gov/standards/marcxml/schema/MARC21slim.xsd"
    xmlns="http://www.loc.gov/MARC21/slim">

  <leader>02368nam a2200397 i 4500</leader>
  <controlfield tag="001">5239619</controlfield>
  <controlfield tag="003">CZ PrSKC</controlfield>
  <controlfield tag="005">20260511085324.0</controlfield>
  <controlfield tag="007">ta</controlfield>
  <controlfield tag="008">260507s2026    xr     g      000 f cze  </controlfield>
  <datafield tag="020" ind1=" " ind2=" ">
    <subfield code="a">9788027760640</subfield>
    <subfield code="c">K&#x10D; 449,00</subfield>
  </datafield>
  <datafield tag="040" ind1=" " ind2=" ">
    <subfield code="a">ABG001</subfield>
    <subfield code="b">cze</subfield>
    <subfield code="e">rda</subfield>
  </datafield>
  <datafield tag="041" ind1="1" ind2=" ">
    <subfield code="a">cze</subfield>
    <subfield code="h">eng</subfield>
  </datafield>
  <datafield tag="072" ind1=" " ind2="7">
    <subfield code="a">821.111(73)-3</subfield>
    <subfield code="x">Americk&#xE1; pr&#xF3;za</subfield>
    <subfield code="2">Konspekt</subfield>
  </datafield>
  <datafield tag="080" ind1=" " ind2=" ">
    <subfield code="a">821.111(73)-31</subfield>
    <subfield code="2">MRF</subfield>
  </datafield>
  <datafield tag="080" ind1=" " ind2=" ">
    <subfield code="a">(0:82-311.9)</subfield>
    <subfield code="2">MRF</subfield>
  </datafield>
  <datafield tag="100" ind1="1" ind2=" ">
    <subfield code="a">Erlick, Nikki</subfield>
    <subfield code="4">aut</subfield>
    <subfield code="9">20745</subfield>
  </datafield>
  <datafield tag="240" ind1="1" ind2="0">
    <subfield code="a">Poppy fields.</subfield>
    <subfield code="l">&#x10C;esky</subfield>
  </datafield>
  <datafield tag="245" ind1="1" ind2="0">
    <subfield code="a">Makov&#xE1; pole /</subfield>
    <subfield code="c">Nikki Erlick ; p&#x159;elo&#x17E;ila Lenka Faltejskov&#xE1;</subfield>
  </datafield>
  <datafield tag="264" ind1=" " ind2="1">
    <subfield code="a">Praha :</subfield>
    <subfield code="b">Dobrovsk&#xFD; s.r.o.,</subfield>
    <subfield code="c">2026</subfield>
  </datafield>
  <datafield tag="300" ind1=" " ind2=" ">
    <subfield code="a">341 stran ;</subfield>
    <subfield code="c">21 cm</subfield>
  </datafield>
  <datafield tag="490" ind1="1" ind2=" ">
    <subfield code="a">Kontrast</subfield>
  </datafield>
  <datafield tag="490" ind1="1" ind2=" ">
    <subfield code="a">Fobos</subfield>
  </datafield>
  <datafield tag="500" ind1=" " ind2=" ">
    <subfield code="a">P&#x159;elo&#x17E;eno z angli&#x10D;tiny</subfield>
  </datafield>
  <datafield tag="500" ind1=" " ind2=" ">
    <subfield code="a">Ob&#xE1;lkov&#xFD; podn&#xE1;zev: rom&#xE1;n</subfield>
  </datafield>
  <datafield tag="500" ind1=" " ind2=" ">
    <subfield code="a">Na tituln&#xED;m list&#x11B; uvedena edice Kontrast, v tir&#xE1;&#x17E;i uvedena edice Fobos</subfield>
  </datafield>
  <datafield tag="520" ind1="2" ind2=" ">
    <subfield code="a">V Kalifornii, v za&#x159;&#xED;zen&#xED; naz&#xFD;van&#xE9;m Makov&#xE1; pole, je poskytov&#xE1;na nad&#x11B;je t&#x11B;m, kte&#x159;&#xED; maj&#xED; zlomen&#xE1; srdce. Pomoc&#xED; nov&#xE9; technologie je mo&#x17E;n&#xE9; usnout a prospat se a&#x17E; k vyl&#xE9;&#x10D;en&#xED;. Ale pouze pokud jste schopni akceptovat poteci&#xE1;ln&#x11B; temn&#xE9; vedlej&#x161;&#xED; &#xFA;&#x10D;inky.</subfield>
    <subfield code="b">V pou&#x161;ti na jihu Kalifornie se nach&#xE1;z&#xED; klinika specializovan&#xE1; na jedin&#xFD; druh terapie - l&#xE9;&#x10D;iv&#xFD; sp&#xE1;nek ur&#x10D;en&#xFD; t&#x11B;m, kte&#x159;&#xED; truchl&#xED; pro sv&#xE9; bl&#xED;zk&#xE9;. Tato klinika se naz&#xFD;v&#xE1; Makov&#xE1; pole. Nen&#xED; snad nikdo, komu by se bolestn&#xE9; ztr&#xE1;ty v &#x17E;ivot&#x11B; vyhnuly, kdo by nepoznal, jak&#xE9; je to p&#x159;ij&#xED;t o milovan&#xE9;ho &#x10D;lov&#x11B;ka, jak&#xE9; je b&#xFD;t zdrcen&#xFD; &#x17E;alem, truchlit s pocitem, &#x17E;e v&#x161;echno ztratilo smysl, &#x17E;e mu do&#x161;ly s&#xED;ly, &#x17E;e u&#x17E; nem&#x16F;&#x17E;e d&#xE1;l. Sta&#x10D;&#xED; si podat &#x17E;&#xE1;dost a budete-li schv&#xE1;leni jako vhodn&#xED; adepti, m&#x16F;&#x17E;ete si obl&#xE9;knout &#x10D;erven&#xE9; py&#x17E;amo a ulehnout na l&#x16F;&#x17E;ko v Makov&#xFD;ch pol&#xED;ch, kde prosp&#xED;te jeden a&#x17E; dva m&#x11B;s&#xED;ce, a a&#x17E; se probud&#xED;te, budete m&#xED;t akutn&#xED; f&#xE1;zi truchlen&#xED; za sebou. Bude v&#xE1;m leh&#x10D;eji a &#x17E;ivot p&#x16F;jde d&#xE1;l. Tedy pokud nebudete zrovna pat&#x159;it k t&#x11B;m smola&#x159;&#x16F;m, kter&#xE9; postihl vedlej&#x161;&#xED; &#xFA;&#x10D;inek. Nakladatelsk&#xE1; anotace. Kr&#xE1;ceno.</subfield>
  </datafield>
  <datafield tag="655" ind1=" " ind2="7">
    <subfield code="a">americk&#xE9; rom&#xE1;ny</subfield>
  </datafield>
  <datafield tag="655" ind1=" " ind2="7">
    <subfield code="a">v&#x11B;decko-fantastick&#xE9; rom&#xE1;ny</subfield>
    <subfield code="9">364</subfield>
  </datafield>
  <datafield tag="655" ind1=" " ind2="9">
    <subfield code="a">American fiction</subfield>
  </datafield>
  <datafield tag="655" ind1=" " ind2="9">
    <subfield code="a">science fiction novels</subfield>
    <subfield code="9">365</subfield>
  </datafield>
  <datafield tag="700" ind1="1" ind2=" ">
    <subfield code="a">Faltejskov&#xE1;, Lenka,</subfield>
    <subfield code="d">1974-</subfield>
    <subfield code="4">aut</subfield>
    <subfield code="9">5586</subfield>
  </datafield>
  <datafield tag="710" ind1="2" ind2=" ">
    <subfield code="a">Dobrovsk&#xFD; (firma)</subfield>
    <subfield code="4">pbl</subfield>
    <subfield code="9">20424</subfield>
  </datafield>
  <datafield tag="910" ind1=" " ind2=" ">
    <subfield code="a">ABG508</subfield>
  </datafield>
  <datafield tag="952" ind1=" " ind2=" ">
    <subfield code="1">0</subfield>
    <subfield code="2">udc</subfield>
    <subfield code="4">0</subfield>
    <subfield code="0"></subfield>
  </datafield>
  <datafield tag="999" ind1=" " ind2=" ">
    <subfield code="c">34264</subfield>
    <subfield code="d">34264</subfield>
  </datafield>
</record>
